000 00214nam a2200085Ia 4500
245 0 _aEnergy sources
100 _a BOWDEN, Rob London, 2009
_914224
942 _cBK
008 210818s9999 xx 000 0 und d
999 _c431417
_d431416